MARC

LEADER 00000nam0a2200000 4500
001 29067
005 20231030203119.0
035 |a (RuTPU)RU\TPU\book\29326 
035 |a BOOK00029401 
090 |a 29067 
100 |a 20011209d1991 m y0rusy50 ca 
101 0 |a rus 
102 |a RU 
105 |a y j 001zy 
200 1 |a Технология обработки деталей на станках с ЧПУ  |e учебное пособие  |f Н. Н. Фролов  |g Тульский политехнический институт 
210 |a Тула  |c Изд-во Тульского политехнического ин-та  |d 1991 
215 |a 130 с. 
320 |a Библиогр.: с. 128-130. 
610 1 |a металлорежущие станки 
610 1 |a металлообработка 
610 1 |a детали 
610 1 |a станки с ЧПУ 
610 1 |a учебные пособия 
610 1 |a настройка 
610 1 |a программирование обработки 
610 1 |a автоматизация 
610 1 |a технологические процессы 
610 1 |a проектирование 
675 |a 621.9.06-529(075.8)  |v 3 
700 1 |a Фролов  |b Н. Н.  |g Николай Николаевич 
712 0 2 |a Тульский политехнический институт  |2 stltpush  |3 (RuTPU)RU\TPU\col\284 
801 0 |a RU  |b 63413507  |c 20011209  |g PSBO 
801 2 |a RU  |b 63413507  |c 20070324  |g PSBO 
942 |c BK